000 00561nam a22001697a 4500
005 20251108164055.0
008 250721s1995 xx 000 0 ara d
082 1 4 _a324.9565/معا
100 1 _aالمعايطة، ناصر
245 1 0 _aالإنتخابات النيابية 1993 :
_bالصوت الواحد و التعددية السياسية /
264 1 _aعمان :
_bمؤسسة البلسم للنشر و التوزيع،
_c1995.
300 _a300ص
650 1 7 _aالإنتخابات
650 1 7 _aالأردن
942 _2ddc
_cBK
999 _c2941
_d2941